Kancelársky publikačný systém VENTURA

Gespeichert in:
Bibliographische Detailangaben
1. Verfasser: Lenharčík, Imrich
Format: Buch
Sprache:Slowakisch
Veröffentlicht: Bratislava Slovenská technická knižnica 1991
Ausgabe:1. vyd.
Schlagworte:
Tags: Tag hinzufügen
Keine Tags, Fügen Sie das erste Tag hinzu!

MARC

LEADER 00000nam a2200000 4500
001 c001753
005 20221214101617.1
020 |a 80-85165-25-2 
041 0 |a slo 
044 |a SK 
245 1 0 |a Kancelársky publikačný systém VENTURA  |c Imrich Lenharčík 
250 |a 1. vyd. 
264 1 |a Bratislava  |b Slovenská technická knižnica  |c 1991 
300 |a 92 s. 
610 2 0 |a spracovanie textov 
610 2 0 |a VENTURA 
610 2 0 |a spotrebitelia 
610 2 0 |a využitie počítačov 
610 2 0 |a grafika počítačová 
610 2 0 |a administratíva 
610 2 0 |a systémy počítačové 
610 2 0 |a programy aplikačné 
100 1 |a Lenharčík, Imrich